00242nam a2200097Ia 4500008004100000100002000041245003600061260002100097260000900118999001700127170620s9999 xx 000 0 und d aEd. Sharma- S.R 0aEducation and Democratic Values bNew Delhi- Cosmo c2006 c25527d25527